00402nam a2200157Ia 45000010006000000050017000060080041000230410008000640820017000721000046000892450056001352600009001913000028002006500008002286540008002361826220260306171618.0260306s9999||||xx |||||||||||||| ||und|| aESP a658.402bE17 aEchegaray Inda, Guillermo [1960-...]eAUT 0aPara comprender las constelaciones organizacionales c2008 a170 páginas :c22 cm. aGEN aCAN